[Event "Stay Safe Play From Home 363"]
[Site "Emanuel Lasker Arena"]
[Date "2020.08.06"]
[Round "9"]
[White "Klasman"]
[Black "Hickey"]
[Result "0-1"]
[WhiteElo "1568"]
[BlackElo "2047"]
[Annotator "TA"]
[PlyCount "58"]
[EventDate "2020.08.06"]
[EventType "swiss (blitz)"]

{[%evp 14,58,61,60,64,56,53,33,49,30,35,31,38,31,50,31,33,0,0,-252,-254,-343,-333,-443,-452,-422,-422,-416,-346,-414,-379,-559,-563,-553,-543,-718,-336,-349,-356,-431,-342,-442,-443,-479,-293,-289,-99]} 1. f4 d6 2. e4 g6 3. d4 Bg7 4. c4 c5 5. d5 Nf6 6. Nc3 O-O 7. Nf3 Bg4 8. Bd3 e6 {E76: King's Indian: Four Pawns Attack: Lines specific to 6 Nf3 move-order.} 9. h3 Bxf3 10. Qxf3 exd5 {White is slightly better.} 11. cxd5 ({Reject} 11. Nxd5 Nxd5 12. cxd5 Qb6 $11) 11... Nbd7 {[%cal Bb8d7,Bd7e5,Be5d3][%mdl 32]} 12. O-O a6 13. Be3 b5 14. g4 {[#]} Re8 $146 ({Predecessor:} 14... Nb6 15. e5 Nfd7 16. e6 b4 17. Nd1 Nf6 18. Be4 Nxe4 19. Qxe4 fxe6 20. dxe6 d5 {½-½ (39) Rausch,W (1979)-Engelmann,W (2070) Mittelfranken 2008}) 15. g5 Nh5 16. f5 $2 {[%mdl 8192] [#]} (16. Rae1 $11) 16... Ne5 $19 17. Qe2 Ng3 $1 {[%csl LRe2,LRf1]} 18. Qc2 Nxd3 19. Qxd3 Nxf1 20. Rxf1 {If only White now had time for f6....} b4 21. Ne2 Qe7 22. f6 (22. Ng3 {was worth a try.} Bxb2 23. Bf4) 22... Qxe4 23. Qxe4 Rxe4 24. Bf4 {and the idea Ng3 leaves White hopeful.} Ree8 (24... Rxe2 $142 25. fxg7 Rxb2) 25. Ng3 Bf8 26. h4 h5 27. gxh6 Kh7 28. h5 c4 29. hxg6+ fxg6 $2 {White did not feel at home in the position after the opening. Accuracy: White = 31%, Black = 66%.} (29... Kxg6 $19 {is more deadly.} 30. h7 Bh6 31. Bxd6 c3 32. bxc3 bxc3) 0-1